000 00713nam a22001337a 4500
040 _cRUA
082 _aAVM LUN 2011 B099 Or.1
100 _aLUN, MANIT.
245 _aStudy on infectious disease of cattle in tropeang chann commune boribo district kompong chhnang province, ការសិក្សាពីជំងឺឆ្លងដែលជូបប្រទះលើសត្វគោក្នុងឃុំត្រាំងចាន់ ស្រុកបរិបូណ៌ ខេត្ដកំពង់ឆ្នាំង
260 _aPhniom Penh
_bRUA
_c2011
300 _aix; 38p.
_bill.
_c29cm.
856 _uhttps://drive.google.com/file/d/1h0UTh6-Pzk6luQFOHS0IGJrw0-Cqdjpc/view?usp=sharing
942 _cAVM
999 _c2549
_d2549